[Event "EICC 2017"]
[Site "Minsk"]
[Date "2017.06.03"]
[Round "5"]
[White "Gelashvili, Tamaz"]
[Black "Sjugirov, Sanan"]
[Result "1-0"]
[WhiteElo "2563"]
[BlackElo "2654"]
[Annotator "TA"]
[PlyCount "91"]
[EventDate "2017.??.??"]
[EventCountry "BLR"]
[SourceTitle "playchess.com"]
[Source "ChessBase"]
[SourceQuality "1"]

{[%evp 12,91,14,12,4,0,0,0,0,0,15,16,24,0,32,28,34,27,36,7,20,0,0,0,0,-13,0,0,93,110,221,172,242,256,245,261,199,239,262,254,239,227,234,224,216,211,422,423,423,403,470,440,433,238,541,296,259,281,261,173,181,0,0,0,0,0,249,256,717,704,656,725,699,709,687,647,607,601,1045,973,1186,1181]} 1. c4 Nf6 2. Nc3 e5 3. Nf3 Nc6 4. e4 Bb4 5. d3 {[%cal Bd2d3,Bd3d4,Bd4d5][%mdl 32]} d6 6. a3 {A28: English Opening: Four Knights Variation} Bxc3+ (6... Bc5 7. b4 Bb6 8. Na4 Bg4 9. Nxb6 axb6 10. Bb2 Bxf3 11. Qxf3 Nd7 12. Qe3 Qf6 13. Be2 Nf8 {½-½ (80) Ghaem Maghami,E (2596)-Carlsen,M (2850) Berlin 2015}) 7. bxc3 {LiveBook: 21 Games} Nd7 $146 ({Predecessor:} 7... h6 8. g3 O-O 9. Bg2 Nh7 10. Nh4 Ne7 11. f4 exf4 12. gxf4 Nc6 13. Nf3 f5 {0-1 (43) Chigaev,M (2531)-Andriasian,Z (2621) Tallinn 2016}) 8. d4 {The position is equal.} O-O 9. Bd3 b6 10. O-O Na5 11. Bg5 Qe8 12. Nd2 c5 13. d5 $1 f6 14. Be3 Rf7 15. g3 Nf8 16. f4 exf4 17. gxf4 f5 18. Qf3 Ng6 19. Rae1 Qf8 (19... Qd7 $11 {keeps the balance.}) 20. Qh5 $1 $16 Rf6 (20... fxe4 $16 21. Nxe4 Bf5) 21. e5 $1 $18 {[%cal Re5f6]} dxe5 22. fxe5 Nxe5 23. Bg5 $1 {[%csl LRe5,LRf6]} Nxd3 24. Re8 Bd7 25. Rxf8+ Rfxf8 26. Rf3 $1 {[%cal Rf3h3]} Be8 27. Qh4 Ne5 {[#]} 28. Rh3 $1 h6 $2 {[#]} (28... Bg6 29. Re3 Rfe8) 29. Bxh6 $1 {[%mdl 512]} Ng6 (29... gxh6 30. Qxh6) 30. Qg5 Rb8 31. Bxg7 $1 Kxg7 32. Qh6+ $40 {[%mdl 128] White has strong attack.} (32. Rh6 $142) 32... Kf6 $2 (32... Kf7) 33. Nf3 Nxc4 34. Rg3 Ke7 35. h4 {h5 is the strong threat.} f4 ({But not} 35... Bf7 36. h5 $18) 36. Rg5 $2 (36. Rg2 $18) 36... Bf7 $1 $11 {Strongly threatening ...Rh8.} 37. Rf5 {And now h5 would win.} Nd6 {Hoping for ...Rg8.} 38. Qg5+ $1 Kd7 $2 {[#]} (38... Ke8 $11 {and Black is okay.} 39. Rxf7 Kxf7) 39. Rf6 $1 $18 ({And not} 39. h5 Ne7 $15) 39... Kc7 $2 (39... Rbe8) 40. Rxg6 {Black must now prevent Qe7+.White is clearly winning.} Rbe8 41. Rg7 Rg8 42. Kf1 Rxg7 43. Qxg7 Rg8 44. Qf6 Re8 45. c4 Bh5 46. Ne5 {Precision: White = 62%, Black = 48%.} 1-0

[Event "EICC 2017"]
[Site "Minsk"]
[Date "2017.06.03"]
[Round "5"]
[White "Aleksandrov, Aleksej"]
[Black "Tutisani, Noe"]
[Result "1/2-1/2"]
[WhiteElo "2559"]
[BlackElo "2347"]
[Annotator "TA"]
[PlyCount "109"]
[EventDate "2017.??.??"]
[EventCountry "BLR"]
[SourceTitle "playchess.com"]
[Source "ChessBase"]
[SourceQuality "1"]

{[%evp 24,109,-24,-36,-15,-16,-16,-21,-14,-21,-10,-11,-9,-18,0,-8,0,0,10,20,118,124,114,101,101,97,108,108,104,107,111,97,111,63,63,55,59,38,36,36,41,19,20,21,19,22,25,17,22,0,37,24,23,0,0,0,4,9,7,0,0,0,0,5,17,0,2,0,0,0,0,0,0,0,0,0,0,0,0,0,0,0,0,0,0,0,0,-3]} 1. d4 Nf6 2. Bg5 g6 3. Nd2 Bg7 4. e4 d6 5. c3 O-O 6. Ngf3 h6 7. Bh4 c5 8. dxc5 dxc5 9. Bc4 Nc6 10. O-O {A48: 1 d4 Nf6 2 Nf3 g6: Torre, London and Colle Systems} (10. Qe2 Nh5 11. Qe3 Na5 12. Be2 Qc7 13. O-O Be6 14. Rfe1 g5 15. Bg3 Nxg3 16. hxg3 Rad8 17. Nf1 Nc4 18. Bxc4 Bxc4 {0-1 (29) Tomashevsky,E (2714)-Grischuk,A (2795) Sochi 2014}) 10... Bg4 11. Qc2 g5 12. Bg3 Nh5 13. Rfe1 {LiveBook: 3 Games} e6 $146 ({Predecessor:} 13... Nxg3 14. hxg3 Qc7 15. Nf1 e6 16. N1h2 Bh5 17. Qc1 a6 {0-1 (47) De Guzman,R (2364)-Puranik,A (2476) Subic Bay 2016}) 14. Bb5 Nxg3 15. hxg3 Qc7 16. Bxc6 Qxc6 17. Nc4 {[#] Nce5 is the strong threat.} Qc7 18. a4 Rad8 19. a5 Bh5 20. Qa4 f5 (20... Bg6 {looks sharper.} 21. e5 Bd3 22. Nd6 Bxe5 23. Nxf7 Qxf7 24. Rxe5 c4) 21. exf5 Rxf5 (21... exf5 $11 22. Nfe5 Bxe5 23. Rxe5 f4) 22. Rxe6 $16 Bxf3 23. gxf3 Rxf3 24. Re8+ Rf8 25. Rxd8 Qxd8 26. Rd1 Qf6 27. Rd2 h5 28. Qd7 h4 $1 29. Qd6 (29. Ne3 {seems wilder.} b6 30. Qd5+ Kh8 31. Qg2 Qe6 32. Rd5) 29... hxg3 30. Qxf6 Bxf6 31. fxg3 $14 {[%mdl 4096] Endgame KRB-KRN} Rd8 32. Re2 (32. Rf2 $5 {[%cal Rf2f6]} Kg7 33. Rf5 $14) 32... Kf7 33. Kf2 Rd3 34. Kg2 Kg6 35. Re8 Rd8 36. Re2 Rd3 37. Kh3 Kh5 38. Re8 g4+ {The position is equal.} 39. Kg2 Rd8 40. Re6 Kg5 41. Kf2 (41. a6 $5 {[%cal Ra6b7]} Kf5 42. Rd6 bxa6 43. Rxa6 $14) 41... Kf5 42. Re2 Kg5 43. Re4 Rh8 44. Kg2 Rd8 45. Rf4 Rd3 (45... b6 $5) 46. Re4 b5 47. axb6 axb6 48. Nxb6 Rd2+ 49. Kf1 Rxb2 50. Nd5 Rc2 51. Rc4 {[#]} Bd4 $1 {[%mdl 512]} 52. Ke1 (52. cxd4 Rxc4) 52... Bf2+ 53. Kf1 Bd4 54. Ke1 Bf2+ 55. Kf1 {Precision: White = 69%, Black = 69%.} 1/2-1/2

[Event "EICC 2017"]
[Site "Minsk"]
[Date "2017.06.03"]
[Round "5"]
[White "Sadzikowski, Daniel"]
[Black "Lenic, Luka"]
[Result "1/2-1/2"]
[WhiteElo "2548"]
[BlackElo "2641"]
[Annotator "TA"]
[PlyCount "34"]
[EventDate "2017.??.??"]
[EventCountry "BLR"]
[SourceTitle "playchess.com"]
[Source "ChessBase"]
[SourceQuality "1"]

{[%evp 21,34,16,26,24,29,25,22,29,26,12,15,14,41,21,32]} 1. e4 e5 2. Nf3 Nc6 3. Bc4 Bc5 4. O-O Nf6 5. d3 d6 6. c3 a6 7. a4 h6 8. Na3 {C54: Giuoco Piano: 4 c3 Nf6, main lines with 5 d4 and 5 d3} O-O 9. Re1 Ba7 10. Nc2 Re8 11. Be3 Be6 {LiveBook: 3 Games} 12. Bxe6 Rxe6 13. Bxa7 Rxa7 {[#]} 14. b4 $146 ({Predecessor:} 14. d4 exd4 15. Nfxd4 Nxd4 16. Qxd4 {½-½ (38) So,W (2773)-Mamedyarov,S (2747) Wijk aan Zee 2016}) 14... Ra8 15. a5 d5 16. Qb1 Ne7 17. Ne3 Ng6 1/2-1/2

[Event "EICC 2017"]
[Site "Minsk"]
[Date "2017.06.03"]
[Round "5"]
[White "Petrosyan, Manuel"]
[Black "Lupulescu, Constantin"]
[Result "1/2-1/2"]
[WhiteElo "2546"]
[BlackElo "2631"]
[Annotator "TA"]
[PlyCount "29"]
[EventDate "2017.??.??"]
[EventCountry "BLR"]
[SourceTitle "playchess.com"]
[Source "ChessBase"]
[SourceQuality "1"]

{[%evp 21,29,0,0,0,0,0,0,0,0,-11]} 1. Nf3 d5 2. g3 c6 3. Bg2 Nf6 4. O-O Bg4 5. c4 e6 6. d3 Be7 7. h3 {A11: English Opening: 1...c6} Bh5 8. Qb3 Qb6 9. Be3 Qxb3 10. axb3 a6 11. g4 Bg6 {LiveBook: 4 Games. The position is equal.} 12. Ne5 Nbd7 $146 13. Nxg6 hxg6 14. d4 Ne4 15. Nc3 1/2-1/2

[Event "EICC 2017"]
[Site "Minsk"]
[Date "2017.06.03"]
[Round "5"]
[White "Danin, Alexandre"]
[Black "Jakovenko, Dmitry"]
[Result "1/2-1/2"]
[WhiteElo "2543"]
[BlackElo "2718"]
[Annotator "TA"]
[PlyCount "124"]
[EventDate "2017.??.??"]
[EventCountry "BLR"]
[SourceTitle "playchess.com"]
[Source "ChessBase"]
[SourceQuality "1"]

{[%evp 21,124,0,0,0,0,0,4,2,28,-5,0,0,0,-18,0,0,0,0,0,0,3,9,14,15,15,11,15,-11,9,11,5,-16,-25,-30,-30,-21,-20,-31,-24,-29,0,-36,-36,-37,-37,-39,-39,-39,-39,-37,-31,-33,-10,-29,-24,-25,-29,-41,-25,-26,-32,-51,0,0,25,30,29,0,17,8,50,52,113,113,117,51,92,35,37,21,23,22,22,22,15,37,104,108,265,0,0,0,0,0,7294,6905,5477,136,136,0,0,0,0,0,0]} 1. e4 c5 2. Nf3 d6 3. d4 Nf6 4. Nc3 cxd4 5. Nxd4 a6 6. Be2 e5 7. Nb3 Be7 8. Bg5 Be6 9. Bxf6 Bxf6 10. Qd3 Nc6 11. Nd5 {B92: Sicilian Najdorf: 6 Be2} (11. O-O-O) 11... Bg5 {LiveBook: 5 Games} 12. Rd1 Rc8 13. c3 O-O 14. h3 {[#]} Ne7 $146 ({Predecessor:} 14... g6 15. O-O Ne7 16. Ne3 Rc6 17. Nd2 b5 18. Nf3 Bxe3 19. Qxe3 {½-½ (55) Meijers,V (2490)-Gavrikov,V (2513) Germany 2008}) 15. Nxe7+ Bxe7 16. Bg4 b5 17. Nd2 Qd7 18. Bxe6 fxe6 19. O-O Qc6 20. Rfe1 Rf4 21. Re3 Qc5 22. Rf3 Rxf3 23. Qxf3 Rf8 24. Qe3 (24. Qe2 {is more complex.} Bd8 25. Nb3 Qc6 26. f3 Bb6+ 27. Kh2) 24... Qc6 25. Qd3 Rf4 26. c4 (26. g3 {feels hotter.} Rf8 27. Nf1 Qe8 28. Qe2 Qc6 29. h4) 26... bxc4 27. Qxc4 Qxc4 28. Nxc4 $11 {[%mdl 4096] Endgame KRB-KRN} d5 29. Nxe5 Rxe4 30. Nd3 Bf6 31. Kf1 Rc4 32. Ke2 Kf7 33. b3 Rc2+ 34. Rd2 Rc8 35. Ne1 Ke7 36. Rc2 Ra8 37. Nd3 Kd6 38. Nc5 Ra7 39. Kd3 e5 40. f3 a5 41. Na4 h5 (41... Rc7 $1 $15) 42. Rc5 Bd8 43. Rb5 Ke6 44. Nc5+ Kf5 45. g4+ Kf4 46. Ke2 ({Much weaker is} 46. gxh5 Kxf3 47. Ne6 e4+ 48. Kd2 Rd7 $17) 46... Kg3 ({Black should play} 46... Re7 $14) 47. gxh5 $16 Bf6 48. Nd3 (48. a4 $16) 48... d4 49. a4 (49. Nf2 $16) 49... Rc7 $14 50. Rxa5 {Threatens to win with Rc5.} Rc2+ 51. Kd1 Rc3 52. Nxe5 {Ng4 is the strong threat.} Rxb3 53. Ng4 Rxf3 (53... Be7 $14) 54. Nxf6 $16 Rxf6 $2 $14 {[#] KR-KR} (54... gxf6 $16 {keeps fighting.} 55. h6 Kf4) 55. Kd2 $2 (55. Ke2 $1 $18) 55... Kxh3 $11 56. Kd3 {Black must now prevent Rd5.} Kg4 57. Re5 (57. Kxd4 $5 {[%cal Ra5e5]} Rf4+ 58. Ke3 $16) 57... g6 $2 {[%mdl 8192] [#]} (57... Ra6 $11) 58. hxg6 $1 $18 Rxg6 59. a5 $2 (59. Kxd4 $18 Kf4 60. a5) 59... Rd6 $16 60. Re4+ ({Better is} 60. Rb5 $16) 60... Kf5 $11 {The position is equal.} 61. Rxd4 Ke5 62. Rxd6 Kxd6 {Precision: White = 64%, Black = 50%.} 1/2-1/2

[Event "EICC 2017"]
[Site "Minsk"]
[Date "2017.06.03"]
[Round "5"]
[White "Baron, Tal"]
[Black "Ponomariov, Ruslan"]
[Result "1/2-1/2"]
[WhiteElo "2540"]
[BlackElo "2712"]
[Annotator "TA"]
[PlyCount "46"]
[EventDate "2017.??.??"]
[EventCountry "BLR"]
[SourceTitle "playchess.com"]
[Source "ChessBase"]
[SourceQuality "1"]

{[%evp 15,46,-17,0,0,0,0,-18,-54,-41,-48,-34,-62,-29,-46,-34,-64,-48,-86,-66,-55,-73,-96,-30,-36,-16,-47,-22,-43,-31,-12,56,24,16]} 1. d4 d5 2. c4 c6 3. Nf3 Nf6 4. Nc3 e6 5. g3 dxc4 6. Bg2 Nbd7 7. O-O b5 8. e4 {E01: Catalan: Early deviations} b4 {LiveBook: 5 Games} (8... Bb7 9. e5 Nd5 10. Ng5 h6 11. Nxe6 fxe6 12. Qh5+ Ke7 13. Ne4 Qe8 14. Bg5+ hxg5 15. Qxh8 Kd8 16. Nxg5 Kc8 {0-1 (39) Ipatov,A (2660)-Fedoseev,V (2658) Saint Louis 2017}) 9. Na4 Be7 (9... Nxe4 10. Ne5 $14) 10. Re1 $146 {The position is equal.} ({Predecessor:} 10. Qc2 Ba6 11. Rd1 O-O 12. b3 cxb3 13. axb3 Bb5 14. Bf4 Qc8 15. Nd2 Nb6 {0-1 (51) Shamkovich,L-Kholmov,R Vilnius 1953}) 10... O-O 11. Be3 Ba6 ({Don't play} 11... Nxe4 $6 12. Ne5 $14) 12. a3 bxa3 ({But not} 12... Nxe4 $6 13. Ne5 $16) 13. Qc2 axb2 14. Nxb2 Bb5 15. h3 a5 (15... c3 $5 16. Nd1 Bb4 $15) 16. Nd2 {[#]} c3 $1 17. Qxc3 Bb4 18. Qc2 e5 ({Better is} 18... Rc8 $17 {Threatening ...c5.} 19. Na4 e5) 19. Red1 $11 Qe7 20. Ndc4 exd4 21. Bxd4 Rfe8 {[%cal Rf6e4]} 22. Nd3 Nf8 (22... Qe6 $11 23. Rdc1 Rad8) 23. Ne3 Bxd3 $1 {Precision: White = 43%, Black = 49%.} 1/2-1/2

[Event "EICC 2017"]
[Site "Minsk"]
[Date "2017.06.03"]
[Round "5"]
[White "Pavlidis, Antonios"]
[Black "Duda, Jan-Krzysztof"]
[Result "0-1"]
[WhiteElo "2539"]
[BlackElo "2693"]
[Annotator "TA"]
[PlyCount "118"]
[EventDate "2017.??.??"]
[EventCountry "BLR"]
[SourceTitle "playchess.com"]
[Source "ChessBase"]
[SourceQuality "1"]

{[%evp 16,118,52,16,22,15,5,0,0,0,10,-10,-10,-41,-27,-27,-22,-55,-48,-51,-40,-79,-82,-106,-108,-108,-108,-127,-114,-127,-135,-120,-81,-127,-127,-123,-110,-101,-83,-109,-52,-49,-55,-52,-44,-50,-39,-50,0,0,0,-91,0,-63,0,0,0,0,0,0,0,0,0,0,0,0,0,0,0,-5,0,0,0,0,0,0,0,0,0,0,0,0,0,0,0,0,0,0,0,-279,-314,-302,-280,-385,-610,-595,-584,-580,-441,-29968,-29969,-29963,-29964,-29955,-12816]} 1. e4 c5 2. Nf3 Nf6 3. e5 Nd5 4. Nc3 Nxc3 5. dxc3 Nc6 6. Bf4 e6 7. Qd2 h6 {B29: Sicilian: 2 Nf3 Nf6 (Nimzowitsch Variation)} 8. h4 Qc7 9. O-O-O {LiveBook: 25 Games} (9. h5 b6 10. Bh2 Bb7 11. Qf4 Be7 12. O-O-O f5 13. Kb1 O-O-O 14. Be2 Rhg8 15. Bg3 {1-0 (53) Pfretzschner,R (2550)-Voll,A (2555) ICCF email 2010}) 9... a6 {The position is equal.} 10. Bd3 $146 ({Predecessor:} 10. h5 b5 11. Rh3 c4 12. g4 Rb8 13. g5 Qa5 14. Kb1 b4 15. Nd4 bxc3 16. Qxc3 Qxc3 17. Rxc3 Nxd4 18. Rxd4 hxg5 19. Rdxc4 {½-½ (41) Bratko,I (2147)-Jeric,S (2286) Slovenia 2003}) 10... b5 11. Be4 Bb7 12. Qe3 Ne7 13. Kb1 c4 14. Rhe1 Bxe4 15. Qxe4 Qc6 16. Bc1 Qxe4 17. Rxe4 h5 18. b3 Nd5 19. Bb2 Rc8 20. bxc4 bxc4 21. Nd2 Nb6 $1 22. a4 a5 23. Ka2 Rh6 24. Rb1 {[#]} f5 $1 {[%cal Rf5e4]} 25. Rd4 Be7 26. g3 Rg6 27. Ba1 Bc5 (27... Rc6 $17) 28. Nxc4 $15 Nxc4 29. Rxc4 {Strongly threatening Rb5.} Rg4 30. Rxg4 hxg4 {[%mdl 4096] Endgame KRB-KRB} 31. Rf1 g6 32. Bb2 d6 33. c4 {[#]} (33. exd6 $11 {remains equal.} Kd7 34. c4) 33... Kd7 (33... Ba7 $1 $17 34. Bc3 Rxc4) 34. Bc3 ({White should try} 34. exd6 $11 Bxd6 35. Bc3) 34... dxe5 (34... d5 $1 $15 35. Kb2 Rb8+ 36. Kc1 Bb4 37. Bxb4 Rxb4) 35. Bxe5 $11 Kc6 36. f3 gxf3 37. Rxf3 Bd6 38. Re3 Bxe5 39. Rxe5 {KR-KR} Kd6 40. Rxa5 Rxc4 41. Ra6+ Ke5 42. Kb2 Rg4 43. Ra5+ Kd6 44. Ra6+ Ke5 45. Ra5+ Kf6 46. Ra8 {And now a5 would win.} Rxg3 47. a5 {[%cal Ba4a5,Ba5a6][%mdl 32]} Rg4 48. a6 Ke5 49. a7 Rb4+ 50. Kc3 Rb7 51. Kd2 Kf4 52. Rg8 $2 {[%mdl 8192]} (52. Ke2 $11 {and White is okay.}) 52... Rxa7 $19 53. Rxg6 e5 {[%cal Be6e5,Be5e4,Be4e3][%mdl 32]} 54. h5 e4 55. Rg1 e3+ 56. Ke2 Rc7 57. Rh1 (57. c4 $19 Rxc4 58. Kd3) 57... Rxc2+ {Black mates.} 58. Kd3 Rd2+ 59. Kc3 Rd7 {Precision: White = 48%, Black = 81%.} 0-1

[Event "EICC 2017"]
[Site "Minsk"]
[Date "2017.06.03"]
[Round "5"]
[White "Sanal, Vahap"]
[Black "Korobov, Anton"]
[Result "0-1"]
[WhiteElo "2533"]
[BlackElo "2688"]
[Annotator "TA"]
[PlyCount "62"]
[EventDate "2017.??.??"]
[EventCountry "BLR"]
[SourceTitle "playchess.com"]
[Source "ChessBase"]
[SourceQuality "1"]

{[%evp 14,62,27,39,36,41,30,25,36,27,36,33,43,8,17,7,43,38,47,8,11,19,13,-44,-52,-52,-50,-339,-297,-336,-336,-324,-333,-328,-314,-312,-298,-341,-343,-343,-333,-406,-393,-1661,-1625,-1493,-1392,-1594,-1583,-1965,-889]} 1. Nf3 Nf6 2. c4 g6 3. b3 Bg7 4. Bb2 O-O 5. g3 d6 6. d4 Bf5 {E60: King's Indian: Unusual lines and Fianchetto Variation without Nc3} (6... e5 7. dxe5 Nfd7 8. Bg2 Nxe5 9. Qd2 Nbc6 10. O-O Bg4 11. Nxe5 Nxe5 12. Bd4 Qc8 13. f4 Nc6 14. Bxg7 Kxg7 15. Nc3 Ne7 16. e4 {½-½ (78) Nakamura,H (2793)-Caruana,F (2787) Saint Louis 2015}) 7. Bg2 c6 8. O-O {LiveBook: 40 Games} Nbd7 {White is slightly better.} 9. Nh4 Be4 $146 ({Predecessor:} 9... d5 10. Nxf5 gxf5 11. Nd2 e6 12. e3 Kh8 13. Rc1 Ne4 14. Rc2 Qf6 15. cxd5 exd5 {1-0 (34) McNab,C (2455)-Shepherd,M Perth 1997}) 10. f3 Bxb1 $1 11. Rxb1 Qa5 12. Qc2 e5 13. Rbd1 Rfe8 14. Bh3 Nf8 15. Bc3 Qc7 16. Qb2 b5 17. cxb5 Nd5 18. bxc6 (18. dxe5 $11 dxe5 19. Ng2) 18... Qxc6 $15 19. Rc1 Qb6 {[%cal Re5d4]} 20. e4 $2 {[%mdl 8192] [#]} ({Better is} 20. Rfd1 $1 $15) 20... exd4 $19 21. Ba5 Qxa5 22. exd5 d3 ({Weaker is} 22... Qxd5 23. Qd2 $17) 23. Qb1 d2 ({Don't take} 23... Qxd5 24. Rc4 $19) 24. Rcd1 Re2 ({Don't play} 24... Qxd5 25. Bg2 $19) 25. Qd3 Rae8 26. Ng2 {Now Be6! and White clings on.} Bc3 27. Nf4 Re1 28. Qc2 $2 {[#]} (28. Ng2) 28... Qc5+ {Black is clearly winning.} 29. Kg2 Rxd1 30. Qxd1 Re1 31. Qc2 d1=Q {Precision: White = 40%, Black = 69%.} (31... Rxf1 $142 32. Kxf1 Qe3) 0-1

[Event "EICC 2017"]
[Site "Minsk"]
[Date "2017.06.03"]
[Round "5"]
[White "Alsina Leal, Daniel"]
[Black "Artemiev, Vladislav"]
[Result "0-1"]
[WhiteElo "2530"]
[BlackElo "2682"]
[Annotator "TA"]
[PlyCount "82"]
[EventDate "2017.??.??"]
[EventCountry "BLR"]
[SourceTitle "playchess.com"]
[Source "ChessBase"]
[SourceQuality "1"]

{[%evp 15,82,46,52,26,37,17,31,11,45,0,0,0,16,-29,-29,-47,-35,-30,-33,-96,-93,-77,-51,-46,-40,-56,-44,-46,-21,-33,-12,0,-5,-43,0,0,0,-37,-16,-16,-16,-26,-14,-47,-47,-58,-31,-16,-8,-70,-79,-71,-80,-237,-239,-339,-333,-383,-368,-408,-333,-1385,-1277,-1523,-1490,-1084,-793,-29989,-29990]} 1. d4 Nf6 2. c4 g6 3. Nc3 d5 4. cxd5 Nxd5 5. e4 Nb6 6. h3 Bg7 7. Nf3 O-O 8. Be2 Nc6 {[%cal Rc6d4,Bb8c6,Bc6a5,Ba5c4,Bc4d6,Bd6e4,Be4c3][%mdl 32]} 9. d5 {D70: Grünfeld: Unusual White 3rd moves (met by ...d5)} (9. Be3 f5 10. exf5 Bxf5 11. Qb3+ Kh8 12. d5 Ne5 13. Nxe5 Bxe5 14. O-O e6 15. f4 Bg7 16. g4 Qh4 17. Kh2 exd5 18. Bxb6 axb6 19. gxf5 {0-1 (28) Kuzubov,Y (2558)-Mamedyarov,S (2646) Dubai 2005}) 9... Na5 10. Bg5 c6 $146 ({Predecessor:} 10... h6 11. Bf4 Nac4 12. Qb3 e5 13. Bh2 Nd6 14. O-O Qe7 15. Rfe1 Bd7 16. Rad1 Kh7 {1-0 (39) Cooper,J (2335)-Kenworthy,G Brighton 1980}) 11. Rc1 {White is slightly better.} h6 12. Bh4 cxd5 13. exd5 Bf5 14. b4 (14. g4 $5 {[%cal Rg4f5]} Bxc3+ 15. Rxc3 $11) 14... Nac4 15. O-O Rc8 16. Qb3 Nd6 17. Na4 (17. a4 $15) 17... Nxa4 18. Qxa4 Ne4 {[#] And now ...g5 would win.} 19. Rxc8 Bxc8 20. Qxa7 g5 21. Qe3 Nc3 22. Bg3 Nxd5 23. Qb3 Nc3 24. Re1 g4 25. hxg4 Bxg4 26. Bf1 Bxf3 $1 27. gxf3 e6 28. Re3 Qd2 29. Rd3 Qc1 {White must now prevent ...Ne2+.} 30. Kg2 $1 Rc8 31. b5 h5 $36 {[%mdl 2048] White is under pressure.} 32. Qb4 ({White should play} 32. Rd7 $11) 32... Nd5 $15 33. Qh4 {[#]} Qh6 $1 34. Rxd5 $2 (34. Kh2 $17) 34... exd5 $19 {[%cal Be6d5,Bd5d4][%mdl 32]} 35. Bd3 (35. a4 {was worth a try.}) 35... Bf6 36. Qb4 Rc3 37. Bb1 h4 38. Bb8 $2 (38. Qg4+ Qg7 39. Bf4) 38... d4 39. Bf5 Qg5+ 40. Bg4 Rc2 {( -> ...Qe3)} 41. Kh3 Qc1 {Precision: White = 42%, Black = 75%.} 0-1

[Event "EICC 2017"]
[Site "Minsk"]
[Date "2017.06.03"]
[Round "5"]
[White "Gabrielian, Artur"]
[Black "Ragger, Markus"]
[Result "1/2-1/2"]
[WhiteElo "2525"]
[BlackElo "2680"]
[Annotator "TA"]
[PlyCount "36"]
[EventDate "2017.??.??"]
[EventCountry "BLR"]
[SourceTitle "playchess.com"]
[Source "ChessBase"]
[SourceQuality "1"]

{[%evp 13,36,15,21,-10,-14,-6,0,0,8,8,14,4,15,16,31,29,27,22,25,24,35,28,26,26,38]} 1. e4 e6 2. d4 d5 3. Nc3 Bb4 4. exd5 exd5 5. Bd3 Nc6 6. Nge2 Nge7 7. O-O Bf5 {LiveBook: 48 Games} 8. Be3 {C01: French: Exchange Variation} (8. Bxf5 Nxf5 9. Nf4 Nfe7 10. Qg4 Bxc3 11. bxc3 O-O 12. Ba3 Qc8 13. Qh5 Qd7 14. Rae1 Rfe8 15. Bxe7 Nxe7 16. Re5 c6 {1-0 (54) McShane,L (2652)-Hawkins,J (2590) London 2016}) 8... Qd7 9. a3 {[#] And now Bxf5 would win.} Bxc3 10. Nxc3 {The position is equal.} O-O 11. Re1 $146 ({Predecessor:} 11. f3 Bxd3 12. Qxd3 Nf5 13. Bf2 Nce7 14. Rfe1 Ng6 15. Qd2 c6 16. Re2 {½-½ (16) Schaufelberger,H-Durao,J Praia da Rocha 1969}) 11... Rfe8 12. f3 Nd8 13. Bf1 $36 {[%mdl 2048] White has good play.} Nc8 {[%cal Be7c8,Bc8d6,Bd6f5][%mdl 32]} 14. Qd2 c6 15. Bf2 Ne6 16. Nd1 Nd6 17. Ne3 Bg6 18. b3 Nf5 {Precision: White = 74%, Black = 47%.} 1/2-1/2

[Event "EICC 2017"]
[Site "Minsk"]
[Date "2017.06.03"]
[Round "5"]
[White "Sedlak, Nikola"]
[Black "Grandelius, Nils"]
[Result "0-1"]
[WhiteElo "2523"]
[BlackElo "2665"]
[Annotator "TA"]
[PlyCount "76"]
[EventDate "2017.??.??"]
[EventCountry "BLR"]
[SourceTitle "playchess.com"]
[Source "ChessBase"]
[SourceQuality "1"]

{[%evp 20,76,0,0,0,0,1,0,0,0,0,-12,-4,-17,-17,-26,-24,-20,-18,-14,-22,-25,0,0,24,0,21,0,0,0,0,0,0,8,20,-32,0,0,0,0,0,0,0,0,77,-14,-14,-22,0,0,0,-29,-21,-1011,-975,-1778,-591,-1626,-1512]} 1. d4 Nf6 2. Nf3 g6 3. Bg5 Bg7 4. Nbd2 O-O 5. c3 d6 6. e4 c5 7. d5 {A48: 1 d4 Nf6 2 Nf3 g6: Torre, London and Colle Systems} h6 (7... e6 8. dxe6 Bxe6 9. Be2 h6 10. Bh4 Nc6 11. O-O Re8 12. Re1 Qc7 13. Bc4 Nh5 14. Bg3 Nxg3 15. hxg3 {0-1 (81) Gelfand,B (2743)-Nepomniachtchi,I (2740) Moscow 2016}) 8. Bh4 e6 9. dxe6 $146 ({Predecessor:} 9. Bxf6 Qxf6 10. dxe6 Bxe6 11. Bc4 {1-0 (36) Azaladze,S (2298)-Leon Hoyos,M (2437) Batumi 2006}) 9... Bxe6 10. Bc4 Re8 11. O-O {LiveBook: 3 Games} Nc6 12. Bxf6 Qxf6 13. Re1 Rad8 14. Qc2 h5 15. a4 Bh6 (15... g5 $5 {[%cal Rg5g4]}) 16. a5 Bxd2 17. Nxd2 Bxc4 18. Nxc4 Qe6 19. Nd2 d5 20. e5 Kg7 21. f4 Rd7 22. Qa4 Ne7 23. Nf3 Nf5 24. a6 Qc6 25. Qxc6 bxc6 26. Ra5 c4 27. Rc5 ({Better is} 27. Rb1 $11) 27... Rb8 28. Rxc6 Rxb2 29. e6 Re7 30. exf7 {[#] aiming for Ne5.} Rxe1+ 31. Nxe1 $11 {[%mdl 4096] Endgame KRN-KRN} Ne3 (31... Rb1 $11 32. Kf2 Rb2+ 33. Kg1 Rb1) 32. Rf6 (32. Rc7 $16) 32... Kf8 33. Rxg6 d4 34. cxd4 {Strongly threatening Rg8+.} c3 {[%cal Bc4c3,Bc3c2][%mdl 32]} 35. Rc6 Re2 {[#] Threatens to win with ...c2.} 36. Rc7 $2 {[%mdl 8192]} (36. Rxc3 $11 Rxe1+ 37. Kf2 Nd1+ 38. Kxe1 Nxc3 39. Kd2) 36... c2 $19 {Black is clearly winning.} 37. Nd3 Rxg2+ 38. Kh1 {And now Ne5 would win.} Rd2 {Precision: White = 51%, Black = 58%.} 0-1

[Event "EICC 2017"]
[Site "Minsk"]
[Date "2017.06.03"]
[Round "5"]
[White "Kveinys, Aloyzas"]
[Black "Zvjaginsev, Vadim"]
[Result "1/2-1/2"]
[WhiteElo "2520"]
[BlackElo "2661"]
[Annotator "TA"]
[PlyCount "38"]
[EventDate "2017.??.??"]
[EventCountry "BLR"]
[SourceTitle "playchess.com"]
[Source "ChessBase"]
[SourceQuality "1"]

{[%evp 20,38,35,20,33,30,34,37,34,43,39,0,0,0,0,0,34,34,36,36,20]} 1. e4 c5 2. Nf3 g6 3. d4 cxd4 4. Qxd4 Nf6 5. Nc3 Nc6 6. Qa4 d6 7. e5 dxe5 8. Nxe5 Qd4 {B27: Sicilian: 2 Nf3, unusual Black 2nd moves} 9. Nxc6 Qxa4 10. Nxa4 bxc6 11. Be2 {LiveBook: 4 Games} Nd5 $146 ({Predecessor:} 11... Bg7 12. Bf3 Nd5 13. Bd2 O-O 14. c4 Nb6 15. Nxb6 axb6 16. Bxc6 Bxb2 17. Bxa8 Bxa1 {0-1 (36) Lugovskoy,M (2436)-Savchenko,B (2613) Sochi 2016}) 12. Bd2 e5 13. O-O-O f6 14. c4 Nb6 15. Bf3 {[#] aiming for Nxb6.} Bd7 16. Nxb6 axb6 17. Be3 Bc5 18. Bxc5 bxc5 19. a3 Ke7 1/2-1/2